000 00531nam a2200181Ia 4500
999 _c27963
_d27963
003 OSt
005 20260416152737.0
008 190216s9999||||xx |||||||||||||| ||und||
020 _a9788124007662
040 _coclc
082 _a920
_bYAT/S
100 _aYati, Nitya Chaitanya
_96870
245 0 _aSimon De Beauvoir Avarude Katha Parayunnu /
_cNitya Chaitanya Yati
260 _bMulberry Books,
_aKozhikode:
_c1999.
300 _a170p
650 _aAthmakadha
942 _cBK
_2ddc
_h920
_iYAT/S
_k920
_mYAT/S